| 000 | 00528nam a2200217Ia 4500 | ||
|---|---|---|---|
| 003 | OST | ||
| 005 | 20240606080837.0 | ||
| 008 | 150730s9999 xx 000 0 und d | ||
| 020 | _a9780340000000 | ||
| 040 | _cMRUC | ||
| 050 | _aTL240.H44 1999 C.2 | ||
| 100 | _aHeisler, H | ||
| 245 | _aVehicle And Engine Technology | ||
| 250 | _a2nd Ed | ||
| 264 | _aAmsterdam | ||
| 264 | _bElsevier | ||
| 264 | _c1999 | ||
| 650 | _aAutomobiles -- Design and construction | ||
| 942 |
_2lcc _cBK |
||
| 999 |
_c1513 _d1513 |
||